Kỹ thuật vi điều khiển /

Sách cung cấp lượng kiến thức giúp các cán bộ kỹ thuật thuộc lĩnh vực điện, điện tử, tin học trong việc tiếp cận nhanh chóng và dễ dàng với lĩnh vực kỹ thuật mới này.

Đã lưu trong:
Bibliografiske detaljer
Hovedforfatter: Lê Văn Doanh.
Andre forfattere: Phạm Khắc Chương.
Format: Bog
Sprog:Vietnamese
Udgivet: Hà Nội : Khoa học và kỹ thuật, 1998.
Fag:
Tags: Tilføj Tag
Ingen Tags, Vær først til at tagge denne postø!
Thư viện lưu trữ: Mạng thư viện Đại học Đà Nẵng
LEADER 01205cam a2200373 a 4500
001 000046725
003 6230
005 20051014161609.0
008 010306b1998 vm 000 vie
020 |c 30000 
022 |a T 
040 |a IRC  |c IRC  |d IRC 
041 0 |a vie 
082 1 4 |a 629.8  |b LÊ-D 
100 1 |a Lê Văn Doanh. 
245 0 0 |a Kỹ thuật vi điều khiển /  |c Lê Văn Doanh, Phạm Khắc Chương. 
260 |a Hà Nội :  |b Khoa học và kỹ thuật,  |c 1998. 
300 |a 299tr. ;  |c 24cm. 
520 3 |a Sách cung cấp lượng kiến thức giúp các cán bộ kỹ thuật thuộc lĩnh vực điện, điện tử, tin học trong việc tiếp cận nhanh chóng và dễ dàng với lĩnh vực kỹ thuật mới này. 
630 0 4 |a Công nghệ điện tử. 
630 0 4 |a Vi điều khiển. 
630 0 4 |a Kỹ thuật điện tử. 
650 0 4 |a Vi điều khiển  |x Kỹ thuật. 
700 1 |a Phạm Khắc Chương. 
OWN |a DUT 
999 |a From the UDN01 
TYP |a Monograph 
TYP |a Printed language 
980 |a Mạng thư viện Đại học Đà Nẵng